000 01103cam a22002054a 4500
005 20250605163928.0
008 250528s ||||||||||||||||||||||||d
035 _a14608
020 _a534266223
040 _aGR-AtMCL
_bgre
_dGR-AtMCL
_eAACR2
245 1 _aSensation and Perception / Fourth Edition
250 _a4th
260 _bBrooks/Cole Publishing Company,
_c1996
300 _a684
520 _aIntroduction to Perception, Introduction to Vision: Receptors and Neural Processing, Introduction to Vision: Central Processing, Perceiving Color, Perceiving Objects, Perceiving Depth and Size, Perceiving Movement, Audition I: Auditory Physiology, Audition II: Hearing, Speech Perception, The Somatic Senses, The Chemical Senses, Clinical Aspects of Vision and Hearing, Synopses of Developmental Dimensions, Units on Perceptual Development, Synopses of Other Worlds of Perception, Units on Comparative Perception, Signal Detection Procedure and Theory, Glossary, References, Author and Subject Index.
700 1 _aGoldstein E . Bruce
_9336
942 _cBK
999 _c232
_d232